Sports Quiz

Random Sports or NBA Quiz

NBA Championship Team Stat Leaders Quiz Stats

 Plays Quiz Updated Jun 9, 2018

Challenge
Share
Tweet
Embed
Score 0/201 Timer 05:00
1 Play Today
% Correct
Michael Jordan
98%
Michael Jordan
98%
Michael Jordan
98%
Michael Jordan
98%
Michael Jordan
98%
Michael Jordan
98%
Michael Jordan
98%
Michael Jordan
98%
Michael Jordan
98%
Michael Jordan
98%
Michael Jordan
98%
Michael Jordan
98%
Michael Jordan
98%
Kobe Bryant
97.5%
Kobe Bryant
97.5%
Kobe Bryant
97.5%
Kobe Bryant
97.5%
Kobe Bryant
97.5%
Kobe Bryant
97.5%
Kobe Bryant
97.5%
Magic Johnson
97%
Magic Johnson
97%
Magic Johnson
97%
Magic Johnson
97%
Magic Johnson
97%
Magic Johnson
97%
Magic Johnson
97%
Magic Johnson
97%
Magic Johnson
97%
Magic Johnson
97%
Shaquille O'Neal
96.3%
Shaquille O'Neal
96.3%
Shaquille O'Neal
96.3%
Shaquille O'Neal
96.3%
Shaquille O'Neal
96.3%
Shaquille O'Neal
96.3%
Shaquille O'Neal
96.3%
Shaquille O'Neal
96.3%
Shaquille O'Neal
96.3%
Shaquille O'Neal
96.3%
Shaquille O'Neal
96.3%
Tim Duncan
96.3%
Tim Duncan
96.3%
Tim Duncan
96.3%
Tim Duncan
96.3%
Tim Duncan
96.3%
Tim Duncan
96.3%
Tim Duncan
96.3%
Tim Duncan
96.3%
Tim Duncan
96.3%
Tim Duncan
96.3%
Tim Duncan
96.3%
Tim Duncan
96.3%
Tim Duncan
96.3%
Tim Duncan
95.8%
Tim Duncan
95.8%
Larry Bird
95.5%
Larry Bird
95.5%
Larry Bird
95.5%
Larry Bird
95.5%
Larry Bird
95.5%
Larry Bird
95.5%
Larry Bird
95.5%
Larry Bird
95.5%
Larry Bird
95.5%
Larry Bird
95.5%
LeBron James
95.1%
% Correct
LeBron James
95.1%
LeBron James
95.1%
LeBron James
95.1%
LeBron James
95.1%
LeBron James
95.1%
LeBron James
95.1%
LeBron James
95.1%
Scottie Pippen
95%
Scottie Pippen
95%
Scottie Pippen
95%
Scottie Pippen
95%
Scottie Pippen
95%
Scottie Pippen
95%
Scottie Pippen
95%
Scottie Pippen
95%
Scottie Pippen
95%
Scottie Pippen
95%
Scottie Pippen
95%
Avery Johnson
95%
LeBron James
94.9%
LeBron James
94.9%
LeBron James
94.9%
LeBron James
94.9%
LeBron James
94.9%
Kobe Bryant
94.4%
Kobe Bryant
94.4%
Tony Parker
93.4%
Tony Parker
93.4%
Dwyane Wade
93.4%
Dwyane Wade
93.4%
Dwyane Wade
93.4%
Dwyane Wade
92.9%
Tony Parker
92.7%
Tony Parker
92.7%
Stephen Curry
92.3%
Stephen Curry
92.3%
Stephen Curry
91.9%
Stephen Curry
91.9%
Dennis Rodman
91.5%
Dennis Rodman
91.5%
Dennis Rodman
91.5%
Dennis Rodman
91.5%
Kevin Garnett
91%
Kevin Garnett
91%
Stephen Curry
90.6%
Draymond Green
89.9%
Draymond Green
89.9%
Draymond Green
89.9%
Draymond Green
89.9%
Isiah Thomas
89.7%
Isiah Thomas
89.7%
Isiah Thomas
89.7%
Isiah Thomas
89.7%
Isiah Thomas
89.7%
Isiah Thomas
89.7%
Kevin Durant
89.7%
Hakeem Olajuwon
89.7%
Hakeem Olajuwon
89.7%
Hakeem Olajuwon
89.7%
Hakeem Olajuwon
89.7%
Hakeem Olajuwon
89.7%
Hakeem Olajuwon
89.7%
Hakeem Olajuwon
89.7%
Hakeem Olajuwon
89.7%
Dirk Nowitzki
89.4%
Kareem Abdul-Jabbar
89%
Kareem Abdul-Jabbar
89%
% Correct
Kareem Abdul-Jabbar
89%
Kareem Abdul-Jabbar
89%
Kareem Abdul-Jabbar
89%
Kareem Abdul-Jabbar
89%
Kareem Abdul-Jabbar
89%
Kareem Abdul-Jabbar
89%
Kareem Abdul-Jabbar
89%
Kareem Abdul-Jabbar
89%
Draymond Green
88.9%
Draymond Green
88.9%
Kevin Durant
88.1%
Draymond Green
87.3%
Rajon Rondo
85.6%
Rajon Rondo
85.6%
Ben Wallace
83.9%
Ben Wallace
83.9%
Ben Wallace
83.9%
Pau Gasol
82.2%
Pau Gasol
82.2%
Chauncey Billups
80.8%
Pau Gasol
79.3%
Pau Gasol
79.3%
Manu Ginobili
77.6%
Manu Ginobili
77.6%
Manu Ginobili
77.6%
Chris Bosh
77.5%
James Worthy
75.8%
James Worthy
75.8%
James Worthy
75.8%
Kevin McHale
74.6%
Julius Erving
74.1%
Richard Hamilton
73.7%
Moses Malone
72.1%
Moses Malone
72.1%
Kawhi Leonard
70.8%
David Robinson
70.5%
Jason Kidd
68.6%
Jason Kidd
68.6%
Robert Parish
68.5%
Robert Parish
68.5%
A.C. Green
67.5%
A.C. Green
67.5%
Kendrick Perkins
63.4%
Horace Grant
59.6%
Horace Grant
59.6%
Horace Grant
59.6%
Horace Grant
59.6%
Bill Laimbeer
59.2%
Tyson Chandler
58.7%
Andrew Bogut
58.2%
Clyde Drexler
55.8%
Clyde Drexler
55.8%
Robert Horry
48.5%
Robert Horry
48.5%
Maurice Cheeks
41.2%
Maurice Cheeks
41.2%
Byron Scott
40.3%
Byron Scott
40.3%
Ron Artest
40%
Luc Longley
39.7%
Rick Fox
38.7%
Danny Ainge
37.7%
John Salley
24.9%
John Salley
24.9%
Tiny Archibald
22.5%
Norm Nixon
14.2%
Brendan Haywood
9.8%

You're not logged in!

Compare scores with friends on all Sporcle quizzes.
OR
Log In

You Might Also Like...

Show Comments

Extras

Top Quizzes Today


Score Distribution

Your Account Isn't Verified!

In order to create a playlist on Sporcle, you need to verify the email address you used during registration. Go to your Sporcle Settings to finish the process.

Report this User

Report this user for behavior that violates our Community Guidelines.

Details: